000 00643nam a22002297a 4500
003 UA-OsUOA
001 39715
007 ta
008 20080516b un ||||| |||| 00| 0 ukr d
090 _a082
_bП78
942 _cBK
040 _aUA-OsUOA
_bukr
_cUA-OsUOA
_dUA-OsUOA
245 _aПроблеми історії України ХІХ - початку ХХ ст.
_bВип. XІІ
300 _a279 с.
955 _a1
041 _aukr
080 _a082
022 _a0869-2556
260 _aК.
_bІнститут історії України
_c2006
650 7 _a08 Видання. Колективні праці
_2UDC
999 _c438224
_d438224